000 00473nam a2200181Ia 4500
008 191130s1934##################000#0#eng##
020 _a9780007354603
040 _aACL
_cACL
082 _a823.912 CHR
100 _aChristie, Agatha
245 _aWhy didn't they ask Evans?
_cAgatha Christie
260 _aLondon
_bHarper
_c1934
300 _a361 p.
650 _aEnglish Fiction
990 _afd60ba6eac10000c2f9b0d314f120a82
991 _a385584
999 _c412654
_d412654